000 00466nam a2200181Ia 4500
005 20250423095124.0
008 250422s9999 xx 000 0 und d
020 _a978163068
050 _aHB 127 .U46 /
100 _aUmo, J. U.
245 0 _aEconomics : an African perspective / Joe U. Umo
250 _a2nd ed.
260 _aIkeja, Lagos, Nigeria
260 _bJ. West Publications
300 _a595 p
650 _aEconomics--Africa.
942 _cBK
999 _c29303
_d29303